| 000 | 00382nam a2200145 a 4500 | ||
|---|---|---|---|
| 001 | 1370 | ||
| 003 | CDMR | ||
| 005 | 20130116135209.0 | ||
| 008 | 130130s1989||||||||||||||||||||||||||||d | ||
| 040 |
_aCDMR _bcat _cCPC GIRONA |
||
| 100 | 1 |
_aAragó, Narcís-Jordi _91065 |
|
| 245 | 1 | 0 |
_aGuia de la Girona monumental _cAragó, Narcís-Jordi |
| 260 |
_c1989 _bAjuntament de Girona |
||
| 942 | _cMON | ||
| 999 |
_c1370 _d1370 |
||